The national public accountant

Bibliographic Details
Previous Title:National public accountant and the PA
Corporate Authors: National Society of Accountants, National Society of Public Accountants
Format: Unknown
Language:English
Published: [Washington, D.C.] : National Society of Public Accountants
Subjects:
Online Access:Acceso restringido

MARC

LEADER 00000ny a22000003n 4500
003 EbpS
005 20110511103911.0
006 m d ||||||
007 cr anunnnuuuaa
008 810813c19579999txub p 0 0 eng d
022 |a 0027-9978 
022 |a 0547-8332 
035 |a 2853 
040 |a BUS  |d vLex 
050 0 0 |a HF5601  |b .N335 
050 0 0 |a HF5601  |b .N335 
090 |c 1613  |d 1613 
245 3 4 |a The national public accountant  |h [Recurso electrn̤ico] 
246 3 0 |a Public accountant 
246 3 0 |a NPA 
256 |a Servicio en ln̕ea 
260 |a [Washington, D.C.] :  |b National Society of Public Accountants 
310 |a Bimestral,  |b 2004- 
506 1 |a Contenido solo disponible en los productos indicados  |d vLex Global  |d vLex Global (Academic Edition, excluding Law Schools)  |d vLex Global (Academic Edition, Law Schools) 
650 0 4 |a Contabilidad  |x Publicaciones perid̤icas 
650 0 4 |a Contabilidad  |z Estados Unidos  |x Publicaciones perid̤icas 
710 2 |a National Society of Accountants 
710 2 |a National Society of Public Accountants 
740 0 |a vLex Revista (Servicios en ln̕ea) 
780 0 0 |t National public accountant and the PA 
843 |a Electrn̤ica. Cerrada. 
853 |8 1  |i (year)  |j (month)  |k (day) 
856 4 0 |z Acceso restringido  |u http://vlex.com/account/login_ip?fuente_id=2853  
942 |c REV 
999 0 |a Accountants  |z United States  |v Periodicals 
999 0 |a Accounting  |v Periodicals